[Event "CZE-chT1W 1920"]
[Site "Czech Republic"]
[Date "2020.01.19"]
[Round "6.2"]
[White "Matras, Ondrej"]
[Black "Cuhra, Martin"]
[Result "1-0"]
[WhiteElo "2176"]
[BlackElo "2238"]
[PlyCount "81"]
[EventDate "2019.10.20"]
[EventType "team-tourn"]
[EventRounds "11"]
[EventCountry "CZE"]
[SourceTitle "CBM 194 Extra"]
[Source "ChessBase"]
[SourceDate "2020.03.31"]
[SourceVersion "1"]
[SourceVersionDate "2020.03.31"]
[SourceQuality "1"]
[WhiteTeam "Pankrac"]
[BlackTeam "Praha Oaza"]
[WhiteTeamCountry "CZE"]
[BlackTeamCountry "CZE"]

1. d4 d5 2. c4 c6 3. Nf3 Nf6 4. Nc3 e6 5. Bg5 h6 6. Bh4 dxc4 7. e4 g5 8. Bg3 b5 9. a3 Bb7 10. Be2 Nbd7 11. 0-0 a6 12. Ne5 Rg8 13. f4 g4 14. f5 Nxe5 15. Bxe5 Nd7 16. Bg3 h5 17. fxe6 fxe6 18. Kh1 Nb6 19. b3 Bd6 20. Bxd6 Qxd6 21. bxc4 Nd7 22. c5 Qe7 23. e5 0-0-0 24. Ne4 Kb8 25. Nd6 Rdf8 26. Qd2 g3 27. h3 Rxf1+ 28. Rxf1 Rf8 29. Kg1 Rxf1+ 30. Kxf1 Qh4 31. Bf3 a5 32. Ne4 a4 33. Ke1 Nf8 34. Kd1 Ng6 35. Qh6 Nf4 36. Qf8+ Ka7 37. Qf6 Qxf6 38. exf6 Ng6 39. Bxh5 Nf8 40. Kc2 Bc8 41. Nxg3 1-0

[Event "CZE-chT1W 1920"]
[Site "Czech Republic"]
[Date "2020.01.05"]
[Round "5.5"]
[White "Karas, Marek"]
[Black "Cuhra, Martin"]
[Result "1-0"]
[WhiteElo "2226"]
[BlackElo "2238"]
[PlyCount "57"]
[EventDate "2019.10.20"]
[EventType "team-tourn"]
[EventRounds "11"]
[EventCountry "CZE"]
[SourceTitle "CBM 194 Extra"]
[Source "ChessBase"]
[SourceDate "2020.03.31"]
[SourceVersion "1"]
[SourceVersionDate "2020.03.31"]
[SourceQuality "1"]
[WhiteTeam "Praha DP EA Hotels"]
[BlackTeam "Praha Oaza"]
[WhiteTeamCountry "CZE"]
[BlackTeamCountry "CZE"]

1. c4 c5 2. Nc3 Nf6 3. e4 Nc6 4. g3 g6 5. Bg2 Bg7 6. Nge2 0-0 7. 0-0 Ne8 8. d3 Nc7 9. Rb1 Rb8 10. Be3 Ne6 11. a3 d6 12. b4 Bd7 13. h3 Ncd4 14. f4 b5 15. Kh2 cxb4 16. axb4 a5 17. f5 Nxe2 18. Nxe2 Nc7 19. bxa5 bxc4 20. dxc4 Na6 21. Rxb8 Qxb8 22. c5 Qb5 23. cxd6 exd6 24. f6 Bh8 25. Nc3 Qxa5 26. Nd5 h5 27. Ne7+ Kh7 28. Qxd6 Be6 29. Nc6 1-0

[Event "CZE-chT1W 1718"]
[Site "Czech Republic"]
[Date "2018.03.04"]
[Round "9.7"]
[White "Matras, Ondrej"]
[Black "Cuhra, Martin"]
[Result "1-0"]
[WhiteElo "2280"]
[BlackElo "2225"]
[PlyCount "137"]
[EventDate "2017.10.29"]
[EventType "team-tourn"]
[EventRounds "11"]
[EventCountry "CZE"]
[SourceTitle "EXT 2019"]
[Source "ChessBase"]
[SourceDate "2018.10.10"]
[SourceVersion "1"]
[SourceVersionDate "2018.10.10"]
[SourceQuality "1"]
[WhiteTeam "Pankrac"]
[BlackTeam "Ceske Budejovice"]
[WhiteTeamCountry "CZE"]
[BlackTeamCountry "CZE"]

1. d4 d5 2. c4 c6 3. Nf3 Nf6 4. Nc3 e6 5. e3 Nbd7 6. Bd3 Bd6 7. 0-0 0-0 8. e4 dxc4 9. Bxc4 e5 10. Bg5 Qe7 11. d5 Nb6 12. Bb3 Bg4 13. h3 Bh5 14. g4 Bg6 15. Nh4 cxd5 16. Nxd5 Nbxd5 17. Bxd5 Rac8 18. Qb3 b6 19. Rac1 Rxc1 20. Rxc1 Bc5 21. Qf3 Rd8 22. Bxf6 Qxf6 23. Qxf6 gxf6 24. Kf1 Kg7 25. Ke2 a5 26. b3 Kh6 27. Rd1 Kg5 28. Ng2 h5 29. h4+ Kh6 30. f3 Kg7 31. Ne3 Rh8 32. Rh1 Kf8 33. a4 Kg7 34. Ng2 Rd8 35. Rd1 Rc8 36. Ne3 Rh8 37. Rh1 Kf8 38. Nf1 Kg7 39. Ng3 Kf8 40. Bc6 Bd4 41. Bd7 Bc5 42. gxh5 Bxh5 43. Bg4 Bg6 44. h5 Bh7 45. Rd1 Bd4 46. Kd3 Bf2 47. Ne2 f5 48. exf5 f6 49. Nc3 Bg8 50. Ne4 Bd4 51. Rc1 Bxb3 52. Nxf6 Bxa4 53. Rc7 Rh6 54. Nh7+ Kg8 55. Ng5 Rc6 56. Rxc6 Bxc6 57. f6 Bd5 58. h6 Bc5 59. Be6+ Bxe6 60. Nxe6 Bd6 61. f7+ Kh7 62. f8Q Bxf8 63. Nxf8+ Kxh6 64. Nd7 b5 65. Nxe5 Kg5 66. Ke4 b4 67. f4+ Kf6 68. Nd3 Ke6 69. Nc5+ 1-0

[Event "CZE-chT1W 1718"]
[Site "Czech Republic"]
[Date "2018.01.21"]
[Round "6.5"]
[White "Petrova, Kristyna"]
[Black "Cuhra, Martin"]
[Result "1/2-1/2"]
[WhiteElo "2282"]
[BlackElo "2225"]
[PlyCount "57"]
[EventDate "2017.10.29"]
[EventType "team-tourn"]
[EventRounds "11"]
[EventCountry "CZE"]
[SourceTitle "EXT 2019"]
[Source "ChessBase"]
[SourceDate "2018.10.10"]
[SourceVersion "1"]
[SourceVersionDate "2018.10.10"]
[SourceQuality "1"]
[WhiteTeam "Hradec Kralove Slavia"]
[BlackTeam "Ceske Budejovice"]
[WhiteTeamCountry "CZE"]
[BlackTeamCountry "CZE"]

1. e4 e5 2. Nf3 Nc6 3. Bb5 a6 4. Ba4 d6 5. 0-0 Nge7 6. c3 Bd7 7. d4 Ng6 8. d5 Nb8 9. c4 Be7 10. Nc3 0-0 11. Bxd7 Nxd7 12. Be3 f5 13. exf5 Rxf5 14. Ne4 Qf8 15. Ng3 Rf7 16. Ng5 Bxg5 17. Bxg5 h6 18. Be3 Nf4 19. Rc1 b6 20. b4 a5 21. a3 axb4 22. axb4 Ra2 23. Ra1 Qa8 24. Qb1 Rxa1 25. Qxa1 Qxa1 26. Rxa1 b5 27. Ra7 bxc4 28. Rxc7 Nf6 29. Rxc4 1/2-1/2